1827 1652 1702 1520 1301 1913 1947 1543 1767 1095 1135 1040 1169 1686 1439 1676 1999 1877 1942 1607 1221 1791 1148 1335 1197 1891 1244 1562 1268 1377 1977 1975 1380 1675 1247 1564 1802 1635 1688 1866 1401 1218 1687 1059 1028 1663 1489 1981 1488 1190 1938 1202 1108 1689 1809 1681 1310 1855 1681 1953 1350 1714 1252 1708 1349 1474 1652 1025 1515 1556 1268 1533 1137 1576 1302 1526 1143 1491 1934 1135 1096 1570 1287 1509 1310 1125 1302 1157 1046 1256 1261 2000 1021 1800 1690 1239 1545 1536 1405 BCNSPRNW ULIB Ver.6.0+V

เปลี่ยนเป็นภาษาไทย

Change to English
 แสดงรายละเอียดบรรณานุกรม
  กลับหน้าหลัก

Brief Record : Get Marc (ISO 2709) : E-mail record : QR code < ปิดหน้าต่าง
LEADER : 00000nam 2200000uu 4500
001    13399111121
003     ULIB
008    110616s||||||||th 000 0 tha d
020    9748839516
050  4 BF538.T35^bอ833ส 2544
100 0  อุมาพร ตรังคสมบัติ
245 10 สร้าง E.Q. ให้ลูกคุณ /^cอุมาพร ตรังคสมบัติ
250    พิมพ์ครั้งที่ 1
260    กรุงเทพฯ :^bศูนย์วิจัยและพัฒนาครอบครัว,^c2544
300    356 หน้า ;^c24 ซม.
650  7 ความฉลาดทางอารมณ์
650  7 จิตวิทยาเด็ก
650  7 อารมณ์
653    Open Your Eyes Project
945    ^p300^l0^i013924
945    ^p300^l0^i013923
945    ^p300^l0^i013921
945    ^p300^l0^i013920
945    ^p300^l0^i013919
945    ^p300^l0^i013922
995    ทศพร
999 ^a ใช้งานได้ทุกระบบ
รายการนี้ยังไม่มีแท็ก
คุณยังไม่ได้ล็อกอิน คุณสามารถมีกิจกรรมร่วมกับเว็บไซต์ได้ แต่ต้องล็อกอินก่อน ::
  ล็อกอิน

รายการสื่อสารสนเทศ

ลำดับที่ ประเภท เลขเรียก/บาร์โค้ด สถานที่ สถานะ
- ไม่พบข้อมูล -

รายการใกล้เคียง
    ผู้แต่ง [อุมาพร ตรังคสมบัติ]

    หัวเรื่อง [ความฉลาดทางอารมณ์]
    หัวเรื่อง [จิตวิทยาเด็ก]
    หัวเรื่อง [อารมณ์]

BibComment


ยังไม่เคยถูกคอมเมนท์

คอมเมนท์ทรัพยากรรายการนี้
  คอมเมนท์: สร้าง EQ ให้ลูกคุ..


 Copyright 2026. Bcnsprnw @Library